ARRUPE JESUIT UNIVERSITY

CORONAVIRUS -STOP THE SPREAD - CLEAN,DISINFECT,COVER

The life of Muhammad (Record no. 123343)

MARC details
000 -LEADER
fixed length control field 00488nam a22001697a 4500
005 - DATE AND TIME OF LATEST TRANSACTION
control field 20150909144107.0
008 - FIXED-LENGTH DATA ELEMENTS--GENERAL INFORMATION
fixed length control field 150909b xxu||||| |||| 00| 0 eng d
050 ## - LIBRARY OF CONGRESS CALL NUMBER
Classification number BP75.
Item number I79
100 ## - MAIN ENTRY--PERSONAL NAME
Personal name Ishaq, Ibn
9 (RLIN) 19646
245 ## - TITLE STATEMENT
Title The life of Muhammad
Statement of responsibility, etc by Ishaq, Ibn
260 ## - PUBLICATION, DISTRIBUTION, ETC. (IMPRINT)
Place of publication, distribution, etc London
Name of publisher, distributor, etc The Folio Society
Date of publication, distribution, etc 2003
300 ## - PHYSICAL DESCRIPTION
Extent 177p.;
Dimensions 22cm.
600 ## - SUBJECT ADDED ENTRY--PERSONAL NAME
Personal name Muhammad
9 (RLIN) 19647
700 ## - ADDED ENTRY--PERSONAL NAME
Personal name Rehatsek, edward (tr.)
9 (RLIN) 19648
700 ## - ADDED ENTRY--PERSONAL NAME
Personal name Edwards, Michael (ed.)
9 (RLIN) 19649
942 ## - ADDED ENTRY ELEMENTS (KOHA)
Source of classification or shelving scheme Library of Congress Classification
Item type Monograph ( Printed materials)
Holdings
Withdrawn status Lost status Source of classification or shelving scheme Damaged status Not for loan Collection code Home library Current library Shelving location Date acquired Total Checkouts Full call number Barcode Date last seen Date last borrowed Price effective from Koha item type
    Library of Congress Classification     Main Collection ARRUPE LIBRARY ARRUPE LIBRARY Main Collection 09/09/2015 1 BP75.I79 46500004307 15/11/2016 23/10/2015 09/09/2015 Monograph ( Printed materials)

 

Arrupe Library. PO Box MP320 Mt Pleasant, Harare, Zimbabwe
263 242 745411|librarian@aju.ac.zw